| 000 | 01172naa a2200313 c 4500 | ||
|---|---|---|---|
| 001 | 39703 | ||
| 003 | ES-MaCES | ||
| 005 | 20150724115919.0 | ||
| 008 | 100114n2009 sp t 000 | spa d | ||
| 035 | _aCES20100000404v | ||
| 040 |
_aES-MaCES _bspa _cES-MaCES |
||
| 100 | 1 |
_aMartínez Barroso, María de los Reyes _917775 |
|
| 245 | 1 | 3 |
_aLa jubilación o retiro del empleo público entre la voluntariedad y el carácter forzoso _cMª de los Reyes Martínez Barroso |
| 500 | _aResumen | ||
| 610 | 1 | 4 |
_aEspaña _tLey del Estatuto básico del empleado público _d2007 _92954 |
| 650 | 4 |
_aEspaña _926964 |
|
| 650 | 4 |
_arégimen de pensión profesional _930152 |
|
| 650 | 4 |
_arégimen de pensión _927042 |
|
| 650 | 4 |
_aconvenio colectivo _928361 |
|
| 650 | 4 |
_aedad de jubilación _930262 |
|
| 650 | 4 |
_aempleado de servicio público _927229 |
|
| 650 | 4 |
_ajubilación _928360 |
|
| 653 | 1 | 0 | _aJurisprudencia |
| 650 | 4 |
_929152 _ajubilación anticipada |
|
| 773 | 0 |
_tAranzadi social _gn. 13 (nov. 2009){10650 R. 075688}; p. 73-95 _w(ES-MaCES)25655 _967507 |
|
| 902 | _aART Artículo de revista | ||
| 942 |
_2CES _cAR _h6.2. |
||
| 999 |
_c39703 _d39703 |
||